JEUX VIDEOS ET DEBATS - NEKFEU - PAROLES - PARTIE 1 - Statistiques

Statistiques générales
  • Ce quiz a été pris 9 fois
  • Le résultat moyen est 234 sur 497
Statistiques - réponses
Réponse % Correct
à
100%
a
100%
de
100%
je
100%
se
100%
au
89%
des
89%
la
89%
le
89%
me
89%
sens
89%
tu
89%
dans
78%
débats
78%
en
78%
et
78%
fin
78%
il
78%
jeu
78%
jeux
78%
mes
78%
par
78%
que
78%
qu'on
78%
si
78%
te
78%
vidéo
78%
vidéos
78%
y'a
78%
autant
67%
comme
67%
décide
67%
d'interner
67%
gens
67%
ils
67%
internet
67%
les
67%
ma
67%
méfie
67%
pas
67%
peut
67%
plusieurs
67%
proche
67%
rachetée
67%
saurais
67%
sites
67%
spéciaux
67%
t'alternais
67%
un
67%
ambiance
56%
avec
56%
ça
56%
ce
56%
donc
56%
du
56%
financiers
56%
God
56%
j'ai
56%
mais
56%
même
56%
moi
56%
on
56%
56%
ou
56%
points
56%
presse
56%
sera
56%
sources
56%
sous
56%
sur
56%
t'as
56%
t'es
56%
âge
44%
barres
44%
besoin
44%
bientôt
44%
casse
44%
chattes
44%
d'autant
44%
dents
44%
douleur
44%
envie
44%
juger
44%
leurs
44%
l'impression
44%
mon
44%
personne
44%
pour
44%
psychosomatique
44%
quand
44%
rap
44%
sapes
44%
sauf
44%
sauvé
44%
sauvegarde
44%
sont
44%
système
44%
tape
44%
traiter
44%
une
44%
va
44%
vues
44%
BAC
33%
c'est
33%
chambre
33%
classes
33%
couilles
33%
crosse
33%
d'entendre
33%
depuis
33%
d'la
33%
donner
33%
est
33%
faire
33%
fait
33%
faut
33%
galéré
33%
j'fais
33%
j'm'active
33%
j'viens
33%
kho
33%
khos
33%
lait
33%
l'autre
33%
l'avenir
33%
l'épilogue
33%
l'heure
33%
l'Oncle
33%
Maastricht
33%
maintenant
33%
mortel
33%
parfois
33%
porter
33%
rappelle-toi
33%
Sam
33%
ses
33%
s'invente
33%
street
33%
tellement
33%
tigres
33%
tout
33%
traquenard
33%
vies
33%
voulaient
33%
vraiment
33%
aux
22%
braque
22%
cases
22%
cauchemars
22%
cerveau
22%
clique
22%
couché
22%
coups
22%
crois
22%
dévie
22%
encore
22%
Fanon
22%
jamais
22%
j'observe
22%
j'sais
22%
j'suis
22%
là-bas
22%
l'aube
22%
leçon
22%
l'ongle
22%
mains
22%
moites
22%
moit'-moit'
22%
ont
22%
part
22%
payé
22%
peur
22%
pilotes
22%
prends
22%
quoi
22%
récites
22%
rentre
22%
rive
22%
sable
22%
sabres
22%
sale
22%
seras
22%
six
22%
speed
22%
tactiques
22%
t'auras
22%
tête
22%
ton
22%
tous
22%
trop
22%
viens
22%
vision
22%
Youv'
22%
beau
11%
bras
11%
charme
11%
châteaux
11%
colère
11%
colombe
11%
comment
11%
compris
11%
corbeau
11%
coupes
11%
courent
11%
culs
11%
devenu
11%
dis
11%
faneront
11%
fleurs
11%
Frantz
11%
grailler
11%
gros
11%
hey
11%
j'étais
11%
j'renais
11%
l'acoustique
11%
langue
11%
mate
11%
monde
11%
néo-colons
11%
nom
11%
n'ont
11%
ouais
11%
plantés
11%
pomper
11%
pourront
11%
problèmes
11%
qui
11%
qu'j'entends
11%
rapper
11%
rappes
11%
reflexion
11%
ressens
11%
rien
11%
rigolo
11%
soigné
11%
stups
11%
style
11%
substance
11%
technique
11%
trafiqué
11%
vendu
11%
vive
11%
voix
11%
yeah yo
11%
3in
0%
ailleurs
0%
allier
0%
attire
0%
attirent
0%
autour
0%
balle
0%
blessés
0%
brailler
0%
ccassés
0%
celui
0%
chelou
0%
dde
0%
dire
0%
entends
0%
entre
0%
faux
0%
flow
0%
force
0%
hyènes
0%
j'baisse
0%
j'entends
0%
j'les
0%
j'leur
0%
juste
0%
khey
0%
l'air
0%
langoustines
0%
lionnes
0%
l'oreille
0%
lui"
0%
mentir
0%
miennes
0%
montre
0%
parlera
0%
partir
0%
peux
0%
reparlera
0%
retombera
0%
reviennent
0%
sucent
0%
"té-ma
0%
t'inquiète
0%
tiraillé
0%
tires
0%
touché
0%
tyrolienne
0%
ustensile
0%
vantardise
0%
ves-qui
0%
Aucun quiz correspondant
Distribution des résultats
% des personnes avec chaque résultat
Percentile par nombre de réponses
Votre historique - résultats
Vous n’avez pas pris ce quiz